Music Quiz

Random Music or Song Quiz
Score 0/35 Timer 10:00
0 Plays Today
Question Answer Wrong Answers
Thank U, Next Ariana Grande
77.8%
Kelly Clarkson
5.6%
Adele
0%
Billie Eilish
0%
Medicine Daughter
72.2%
BTS
0%
Queen
0%
Kelly Clarkson
11.1%
Counting Stars One Republic
72.2%
Cold Play
0%
Maroon 5
5.6%
BTS
11.1%
Numb Linkin Park
66.7%
Cold Play
5.6%
Imagine Dragons
5.6%
Twenty One Pilots
5.6%
Around the World Daft Punk
66.7%
Press Play
11.1%
Cold Play
5.6%
BTS
0%
Idontwannabeyouanymore Billie Eilish
61.1%
Jennifer Hudson
5.6%
Ava Max
11.1%
Halsey
5.6%
Sweet But Psycho Ava Max
55.6%
Billie Eilish
11.1%
Jennifer Hudson
0%
Halsey
16.7%
New Americana Halsey
55.6%
Billie Eilish
11.1%
Bent Knee
11.1%
Maroon 5
5.6%
Animals Maroon 5
55.6%
Cold Play
11.1%
BTS
0%
Bent Knee
22.2%
Pompeii Bastille
55.6%
Linkin Park
5.6%
Cold Play
0%
Journey
22.2%
Oblivion Bastille
50%
Zayde Wolf
11.1%
Cold Play
5.6%
John Legend
16.7%
Underdog Alicia Keys
44.4%
Gwen Stefani
16.7%
Jennifer Hudson
16.7%
Kelly Clarkson
11.1%
He Gets That From Me Reba McEntire
44.4%
Kelly Clarkson
16.7%
Adele
11.1%
Jennifer Hudson
11.1%
What I've Done Linkin Park
44.4%
Cold Play
5.6%
Imagine Dragons
16.7%
Bent Knee
11.1%
Fix You Cold Play
44.4%
Imagine Dragons
5.6%
Bent Knee
11.1%
Linkin Park
16.7%
Six Feet Under Billie Eilish
38.9%
Adele
22.2%
Jennifer Hudson
5.6%
John Legend
22.2%
Departure Journey
38.9%
Bastille
33.3%
One Republic
11.1%
Linkin Park
11.1%
Proof Of Your Love For King and Country
38.9%
BTS
22.2%
Taylor Swift
5.6%
Queen
16.7%
Hustler Zayde Wolf
38.9%
BTS
16.7%
John Legend
5.6%
Maroon 5
22.2%
Devil In Me Halsey
38.9%
Ava Max
11.1%
Jennifer Hudson
16.7%
Billie Eilish
11.1%
Neon Moon Brooks & Dunn
33.3%
Blake Shelton
11.1%
John Legend
22.2%
Tim McGraw
16.7%
Maps Maroon 5
33.3%
BTS
5.6%
Cold Play
27.8%
Imagine Dragons
16.7%
Piece By Piece Kelly Clarkson
27.8%
Billie Eilish
5.6%
Alicia Keys
27.8%
Gwen Stefani
22.2%
Spring Day BTS
27.8%
Kelly Clarkson
22.2%
John Legend
22.2%
Taylor Swift
11.1%
Cold Blooded Zayde Wolf
27.8%
BTS
16.7%
Black Pink
27.8%
For King and Country
5.6%
Haunted Taylor Swift
22.2%
Of Monsters and Men
22.2%
Imagine Dragons
16.7%
Hollywood Undead
16.7%
Lion Hollywood Undead
22.2%
One Republic
5.6%
Press Play
33.3%
Imagine Dragons
16.7%
Doubt Twenty One Pilots
22.2%
Bent Knee
22.2%
Kelly Clarkson
16.7%
Imagine Dragons
16.7%
House of Cards BTS
22.2%
Imagine Dragons
5.6%
Twenty One Pilots
27.8%
Blake Shelton
27.8%
Derezzed Daft Punk
16.7%
Black Pink
22.2%
Press Play
27.8%
BTS
16.7%
Awake BTS
16.7%
Maroon 5
22.2%
Black Pink
22.2%
Press Play
16.7%
Force of Nature Press Play
16.7%
Kelly Clarkson
16.7%
Hollywood Undead
16.7%
Cold Play
33.3%
All The Right Moves One Republic
16.7%
Journey
16.7%
Cold Play
16.7%
John Legend
27.8%
Make It Right BTS
16.7%
Zayde Wolf
11.1%
Cold Play
16.7%
Twenty One Pilots
33.3%
Land Animal Bent Knee
16.7%
Brooks & Dunn
22.2%
One Republic
27.8%
Cold Play
11.1%
Remove Ads.
Support Sporcle.
Get the best of Sporcle when you Go Orange. This ad-free experience offers more features, more stats, and more fun while also helping to support Sporcle. Thank you for becoming a member.

You're not logged in!

Compare scores with friends on all Sporcle quizzes.
OR
Log In

Sporcle TV

Today on Sporcle TV


Watch our educational content, quiz creation guides, and fun videos on Sporcle TV.

Show Comments

Extras

Created May 14, 2020ReportNominate
Tags:Song Quiz

Top Quizzes Today


Score Distribution

Paid Content

Your Account Isn't Verified!

In order to create a playlist on Sporcle, you need to verify the email address you used during registration. Go to your Sporcle Settings to finish the process.

Report this User

Report this user for behavior that violates our Community Guidelines.

Details: